000 01010cam a2200169Ma 4500
999 _c202
_d202
020 _a9067546240
050 _aSB975
_b.B78 BRU
100 1 _aBruin, Gerard C. A.
245 1 0 _aNew ways of developing agricultural technologies :
_bthe Zanzibar experience with participatory Integrated Pest Management /
_cGerard C.A. Bruin, Frans Meerman.
260 _aWageningen :
_bWageningen University and Research Centre/CTA,
_c2001.
300 _a167 p. :
_bill., map ;
_c24 cm.
500 _aINCLUDES BIBLIOGRAPHIC REFERENCE
505 0 0 _aContents: The need for appropriate technologies -- Strengthening the Plant Protection Division of Zanzibar -- Participatory IPM as a vehicle for technology development and extension -- Case studies: Diversity of IPM in different cropping systems -- Understanding the success and limitations of IPM development in Zanzibar -- Creating conditions and capacities for participatory technology development.
650 0 _aAgricultural innovations
700 1 _aMeerman, Frans,
942 _cBK